| 000 | 00502nam a2200181Ia 4500 | ||
|---|---|---|---|
| 008 | 240925s9999 xx 000 0 und d | ||
| 020 | _a97811185844593 | ||
| 082 | _a658.11 TRI | ||
| 100 | _aTribby, Maryellen | ||
| 245 | 0 | _aReinventing the Entrepreneur: turning your deam business into a reality | |
| 250 | _aNA | ||
| 260 |
_aNew Jersey: _bJohn wiley & Sons _c,2013. |
||
| 300 |
_a100p. _b0 _fOriginal |
||
| 500 | _aIncludes Index | ||
| 600 | _aManagement | ||
| 650 | _aManagement | ||
| 942 | _cBK | ||
| 999 |
_c14468 _d14468 |
||